[PAROLES] - No me mirès màs - KENDJI X SOPRANO - Paroles - Statistiques

Statistiques générales
  • Ce quiz a été pris 349 fois
  • Le résultat moyen est 504 sur 616
Statistiques - réponses
Paroles % Correct
n
100%
N
100%
m
99%
ma
99%
a
98%
À
98%
c
98%
j
98%
Je
98%
je
98%
l
98%
màs
98%
me
98%
mirès
98%
ne
98%
Ne
98%
No
98%
t
98%
ça
97%
Ça
97%
en
97%
moi
97%
pas
97%
supplie
97%
faire
96%
laisse
96%
lui
96%
oublier
96%
peux
96%
d
95%
le
94%
avec
91%
joue
89%
Qu
89%
qu
89%
danger
87%
de
87%
fait
87%
plus
87%
Plus
87%
un
87%
semaine
85%
te
85%
une
85%
que
84%
ai
83%
il
83%
Il
83%
es
82%
est
79%
tu
79%
Tu
79%
au
78%
el
78%
Mais
78%
nous
78%
toi
78%
Toi
78%
Y
77%
y
77%
Dieu
76%
entre
75%
oh
75%
Oh
75%
ami
74%
Bon
74%
du
74%
dans
73%
deux
73%
ses
73%
Et
72%
et
72%
comme
71%
elle
71%
mon
71%
parle
71%
pour
71%
feu
70%
les
70%
qui
70%
son
70%
con
69%
nouvelles
69%
tes
69%
eu
68%
sa
68%
poème
67%
bras
66%
ce
66%
quand
66%
suis
66%
tout
66%
amitié
65%
décrit
65%
depuis
65%
Depuis
65%
Notre
65%
as
64%
femme
64%
aucune
62%
changé
62%
dos
62%
seule
62%
avenir
61%
compris
61%
content
61%
couteau
61%
nuit
61%
yeux
61%
mêmes
60%
parlait
60%
planté
60%
quelque
60%
sont
60%
approchons
59%
chose
59%
nuage
59%
on
59%
regards
59%
sourire
59%
sur
59%
trop
59%
vu
59%
beaux
58%
déjà
58%
devenu
58%
prendre
58%
pris
58%
retrouvé
58%
dis
57%
eux
57%
frère
57%
jamais
57%
joie
57%
vit
57%
Vos
57%
failli
56%
heureux
56%
parano
56%
sens
56%
aussi
55%
dit
55%
chaque
54%
deviens
54%
éloignes
54%
fois
54%
Si
54%
vis
54%
chère
53%
fuego
52%
peligro
52%
pourquoi
52%
Amigo
51%
amigo
51%
anneau
51%
avant
50%
Parce
50%
aimé
48%
jette
47%
réglo
47%
soir
47%
mettes
43%
soigne
43%
hey
42%
Alors
41%
juegas
36%
wow
10%
Aucun quiz correspondant
Distribution des résultats
% des personnes avec chaque résultat
Percentile par nombre de réponses
Votre historique - résultats
Vous n’avez pas pris ce quiz